000
00304nam a2200133Ia 4500
999
_c
6529
_d
6529
003
OSt
008
191201s2014 xx 000 0 und d
100
_a
DUGGAL, S.K.
245
0
_a
Design of Steel Structures
260
_a
N. delhi
_b
TMH
_c
2014
300
_a
839
650
_a
B.Tech(CE)
942
_2
ddc
_c
BK
_0
7